000 01003nam a2200241Ia 4500
003 OSt
005 20250721130138.0
008 221004b |||||||| |||| 00| 0 san d
020 _a9788170845058 (hbk (Vol.1))
037 _cTB
040 _aAL
_cAL
_bsan
041 _2san
_asan
084 _aLBx1,1, 152Q9.1
_qAL
100 _aशुक्ल, विद्याधर, अनु.
_9816218
245 0 _aचरक संहिता
246 _aCharak sanhitā
260 _aदिल्ली, भारत:
_bचौखम्बा संस्कृत प्रतिष्ठान,
_c2017.
440 _vभाग 1-2
490 _vभाग 1
_aव्रजजीवन आयुर्विज्ञान ग्रन्थमाला; 24
650 _aऔषधी शास्त्र
_9816219
942 _hLBx1,1, 152Q9.1
_cTEXL
_2cc
_n0
999 _c1011566
_d1011566